000 00623nmm a2200205Ia 4500
008 251105s9999||||xx |||||||||||||||||und||
020 _a9788433980625
041 _aspa
100 _aTokarczuk, Olga
245 0 _aUn lugar llamado Antaño
264 _a[Madrid, España] :
_bEditorial Anagrama,
_c[Fecha de publicación no identificada]
300 _a0 páginas
490 _aPanorama de narrativas
650 _aOther narratives
700 _aTokarczuk, Olga
700 1 _a Rabasco Macías, Ester
700 1 _a Wyrzykowska, Bogumiła
856 _uhttps://public.digitaliapublishing.com/a/80057
942 _cCF
999 _c71954
_d71954